000 01355cam a2200301 4500
008 000000n2001 000 0 eng u
020 _a0415234050
035 _a(Sirsi) u111921
041 _aeng.
050 _a711.1094
100 _aTewdwr-Jones, M.
245 4 _aThe European dimension of British planning.
260 _aLondon
_bSpon Press
_c2001
300 _axxii,190p.
_c24cm.
350 _a19.99
520 _aThe UK government of Tony Blair is committed to fostering a European dimension to planning practice, and significant developments in relation to planning within Europe are occurring. The text presents a snapshot of the UK's relationship with Europe in terms of planning during the last years of the twentieth century. Four key issues are tackled: British political attitudes to Europeanisation issues; the changing relationships between different arms of the state; the often complex interdependencies between tiers of government; the changing definition of British urban and regional planning.
650 _aEUROPE
650 _aSPATIAL DEVELOPMENT
650 _aSTRUCTURAL FUNDS
650 _aURBAN PLANNING
650 _aREGIONAL PLANNING
650 _aRURAL PLANNING
650 _aEU
650 _aGOVERNMENT POLICIES
690 _aPlanning and development
_96259
700 _aWilliams, R.
942 _n0
999 _c101305
_d101305